LEADER 00847nam0-22003011i-450- 001 990003293950403321 005 20061016085858.0 035 $a000329395 035 $aFED01000329395 035 $a(Aleph)000329395FED01 035 $a000329395 100 $a20030910d1914----km-y0itay50------ba 101 0 $aita 102 $aIT 105 $ay-------001yy 200 1 $aAnnuario dell'agricoltura$fMinistero di agricoltura, industria e commercio 210 $aRoma$cG. Bertero$d1914 215 $a234 p. 610 0 $aAgricoltura 610 0 $aForeste 710 01$aItalia.$bMinistero di agricoltura, industria e commercio$0332846 801 0$aIT$bUNINA$gRICA$2UNIMARC 901 $aBK 912 $a990003293950403321 952 $a047.005.MIN.01$b350$fDECGE 959 $aDECGE 996 $aAnnuario dell'agricoltura$9446160 997 $aUNINA LEADER 01611oam 2200529I 450 001 9910154616103321 005 20200520144314.0 010 $a1-138-24779-0 010 $a1-315-25369-0 024 7 $a10.4324/9781315253695 035 $a(CKB)3710000000965382 035 $a(MiAaPQ)EBC4758744 035 $a(Au-PeEL)EBL4758744 035 $a(CaPaEBR)ebr11310933 035 $a(CaONFJC)MIL975150 035 $a(OCoLC)965778840 035 $a(OCoLC)973026479 035 $a(EXLCZ)993710000000965382 100 $a20180706e20162004 uy 0 101 0 $aeng 135 $aurcnu|||||||| 181 $2rdacontent 182 $2rdamedia 183 $2rdacarrier 200 00$aHadith $eorigins and developments /$fedited by Harald Motzki 210 1$aAbingdon, Oxon :$cRoutledge,$d2016. 215 $a1 online resource (425 pages) 225 1 $aFormation of the Classical Islamic World ;$vVolume 28 300 $aFirst published 2004 by Ashgate Publishing. 311 $a0-86078-704-4 311 $a1-351-93182-2 327 $aOrigins and transmission of the Hadith -- Origin and reliability of the Isnad -- Methods of analysing and dating Hadiths. 410 0$aFormation of the classical Islamic world ;$vVolume 28. 606 $aHadith 606 $aHadith$vCommentaries 608 $aElectronic books. 615 0$aHadith. 615 0$aHadith 676 $a297.124 701 $aMotzki$b Harald$0658667 801 0$bMiAaPQ 801 1$bMiAaPQ 801 2$bMiAaPQ 906 $aBOOK 912 $a9910154616103321 996 $aHadith$92144556 997 $aUNINA